Gemeinden von Waidhofen an der Thaya - Statistiken

Allgemein
  • Dieses Quiz wurde 222 mal gespielt
    200 seit der letzten Aktualisierung
  • Das Durchschnittsergebnis liegt bei 11 aus 15
Antworten auf der Karte
Die Antworten werden auf der Karte rot bzw. grün angezeigt, abhängig davon wie oft sie richtig erraten wurden.
 
Antwortstatistiken
Einwohner Gemeinde % Korrekt
5.289 Waidhofen an der Thaya
100%
1.287 Waidhofen an der Thaya-Land
100%
2.631 Raabs an der Thaya
82%
1.399 Thaya
82%
2.710 Groß-Siegharts
76%
1.082 Kautzen
73%
2.649 Vitis
73%
923 Pfaffenschlag bei Waidhofen/T.
71%
1.564 Dobersberg
69%
1.483 Karlstein an der Thaya
69%
1.181 Gastern
67%
912 Windigsteig
64%
1.025 Dietmanns
58%
903 Ludweis-Aigen
58%
493 Waldkirchen an der Thaya
58%
Keine übereinstimmenden Quizze gefunden
Verteilung der Resultate
Anzahl Personen mit jedem Resultat
Perzentil nach korrekt beantworteten Fragen
Ihre Resultats-Entwicklung
Sie haben dieses Quiz seit der letzten Aktualisierung nicht gespielt